| 000 | 00889nam a2200277 a 4500 | ||
|---|---|---|---|
| 001 | 000039042 | ||
| 003 | DO-SdBNP | ||
| 005 | 20240229073927.0 | ||
| 007 | ta | ||
| 008 | 130515s2001 dr ac 000 0 spa d | ||
| 040 |
_aDO-SdBNP _bspa _cBNPHU |
||
| 082 |
_axxx _bD249 |
||
| 100 | 1 |
_aLeón David _d1945- _984930 |
|
| 245 | 1 | 4 |
_aUna aproximación a la pintura metafísica de Jaime Colson / _cLeón David ; prólogo Juan José Bellapart ; fotografías Max Pou, Ángel Vargas |
| 260 |
_aSanto Domingo _aMuseo Bellapart, _c2001. |
||
| 300 |
_a80 p. : _bil., retrs. ; _c32 cm. |
||
| 490 | 1 | _aMuseo Bellapart ; | |
| 500 | _aIncluye notas | ||
| 500 | _aLibro de pasta dura. | ||
| 590 | _aInventariado, 2022/ YL | ||
| 700 | 1 | 2 |
_aBellapart, Juan José _eprol. _982782 |
| 700 | 1 | 2 |
_aPou, Max _efot. _976778 |
| 700 | 1 | 2 |
_aVargas, Ángel _efot. _982783 |
| 910 | _aYLockward | ||
| 942 |
_2ddc _cLBS1 |
||
| 999 |
_c38532 _d38532 |
||